Statistics for World Capitals Closest to Taipei - One Minute Sprint

Click here to take the quiz!

General Stats

  • This quiz has been taken 20 times
  • The average score is 12 of 20

Answer Stats

kmcapitalmiles% Correct
1722Beijing1070
100%
1491Seoul953
87%
1667Hanoi1036
80%
3829Jakarta2379
80%
1160Manila721
80%
1601Pyongyang995
73%
2105Tokyo1308
73%
2308Vientiane1434
73%
2543Bangkok1580
67%
2310Phnom Penh1436
60%
3760Dili2337
53%
3237Kuala Lumpur2011
53%
2849Ulaanbaatar1771
53%
2348Bandar Seri
Begawan
1459
47%
2676Naypyidaw1663
47%
3250Singapore2019
47%
2395Ngerulmud1488
40%
3188Thimphu1981
33%
3155Dhaka1960
27%
3611Kathmandu2244
27%

Score Distribution

Percentile by Number Answered

Percent of People with Each Score

Your Score History

You have not taken this quiz